000 nam a22 7a 4500
999 _c9160
_d9160
008 180123b ||||| |||| 00| 0 eng d
100 _aNIIT
_95430
245 _aNIIT Group - B, Level -II Class - X
260 _aNew Delhi
_bSona Publication
_c2005